| 000 -CABECERA |
| campo de control de longitud fija |
02918nam a2200421 u 4500 |
| 001 - NÚMERO DE CONTROL |
| campo de control |
000083259 |
| 005 - FECHA Y HORA DE LA ÚLTIMA TRANSACCIÓN |
| campo de control |
20200120224810.0 |
| 008 - DATOS DE LONGITUD FIJA--INFORMACIÓN GENERAL |
| campo de control de longitud fija |
110825s2016 ck a|||gr|||||000 0|spa d |
| 020 ## - NÚMERO INTERNACIONAL ESTÁNDAR DEL LIBRO |
| Número Internacional Estándar del Libro |
9788492412471 |
| 043 ## - CÓDIGO DE ÁREA GEOGRÁFICA |
| Código de área geográfica |
e-sp--- |
| 082 04 - NÚMERO DE LA CLASIFICACIÓN DECIMAL DEWEY |
| Número de edición |
21 |
| 090 ## - LOCALMENTE ASIGNADO TIPO-LC NÚMERO DE CLASIFICACIÓN (OCLC); NÚMERO DE CLASIFICACIÓN LOCAL (RLIN) |
| Número de clasificación (OCLC) (R) ; Numero de clasificación, CALL (RLIN) (NR) |
JN |
| Número cutter local (OCLC) ; Número de libro/Signatura topográfica íntegra, CALL (RLIN) |
TWAdi Siglo |
| 100 1# - ENTRADA PRINCIPAL--NOMBRE DE PERSONA |
| Nombre de persona |
Twain, Mark, |
| Fechas asociadas al nombre |
1835-1910 |
| 245 14 - MENCIÓN DE TÍTULO |
| Título |
Los diarios de Adán y Eva / |
| Mención de responsabilidad, etc. |
Mark Twain ; Mark Twain ; ilustraciones e Sara Morante ; traducción de Gabriela Bustelo. |
| 250 ## - MENCIÓN DE EDICIÓN |
| Mención de edición |
1a. ed. |
| 260 ## - PUBLICACIÓN, DISTRIBUCIÓN, ETC. |
| Lugar de publicación, distribución, etc. |
Bogotá : |
| Nombre del editor, distribuidor, etc. |
Siglo del Hombre, |
| Fecha de publicación, distribución, etc. |
2016. |
| 300 ## - DESCRIPCIÓN FÍSICA |
| Extensión |
90 páginas : |
| Otras características físicas |
ilustraciones a color. |
| 500 ## - NOTA GENERAL |
| Nota general |
Incluye índice |
| 502 ## - NOTA DE TESIS |
| Nota de tesis |
Tesis |
| 504 ## - NOTA DE BIBLIOGRAFÍA, ETC. |
| Nota de bibliografía, etc. |
Referencias bibliográficas : p. |
| 506 0# - NOTA DE RESTRICCIONES AL ACCESO |
| Limitaciones de acceso |
General |
| 520 3# - SUMARIO, ETC. |
| Sumario, etc. |
"Una serpiente, manzanas y un paraíso para dos. Parece que está todo contado... pues hay una versión irresistible que nadie debería perderse, la de Mark Twain. Su sabida obsesión por los temas bíblicos con su peculiar visión de éstos, hacen de este diario paralelo a dos voces una lectura divertida y de sonrisa (de la inocente) garantizada. La primera parte está dedicado al diario de Adán, primer ser humano solitario, distante, imbuido de su particular paraíso donde cualquier contacto es un incordio, que ni le interesa ni entiende. Cuenta sus días con esa aparición de Eva creando un "nosotros" hasta entonces desconocido. Le rehúye y desconcierta la manera en que ella se desenvuelve ante la naturaleza y los otros seres, creando unos vínculos y emocionalidad que él no siente. De hecho Caín, para Adán, tiene todas la papeletas para ser una especie de pez nueva y más tarde, un canguro. Sin embargo el apego de la mujer hace que el desastre respecto al destino de la criatura no llegue a mal puerto. Por otro lado está el diario de Eva, considerada a sí misma como un experimento del creador, es la organizadora natural del paraíso, siempre velando por el bienestar y el buen ánimo de Adán, por adelantarse a los deseos o las necesidades de éste, mientras que siente como él la rechaza y le cuesta aceptar su compañía haciéndola sentir una intrusa, pero también en el paraíso el tiempo pasa y las percepciones cambian..." |
| 534 ## - NOTA SOBRE LA VERSIÓN ORIGINAL |
| Mención de título del original |
Título original: The diaries of Adam and Eve |
| 500 ## - NOTA GENERAL |
| Nota general |
Incluye biografía del autor |
| 500 ## - NOTA GENERAL |
| Nota general |
Samuel Langhorne Clemens es el seudónimo de Mark Twain |
| 521 ## - NOTA DE PÚBLICO DESTINATARIO |
| Nota de público destinatario |
Recomendado para mayores de 15 años |
| 650 14 - PUNTO DE ACCESO ADICIONAL DE MATERIA--TÉRMINO DE MATERIA |
| Término de materia o nombre geográfico como elemento de entrada |
Novela juvenil estadounidense |
| Subdivisión cronológica |
Siglo XX |
| 650 24 - PUNTO DE ACCESO ADICIONAL DE MATERIA--TÉRMINO DE MATERIA |
| Término de materia o nombre geográfico como elemento de entrada |
Literatura estadounidense |
| 650 24 - PUNTO DE ACCESO ADICIONAL DE MATERIA--TÉRMINO DE MATERIA |
| Término de materia o nombre geográfico como elemento de entrada |
Relaciones humanas en la literatura |
| 650 24 - PUNTO DE ACCESO ADICIONAL DE MATERIA--TÉRMINO DE MATERIA |
| Término de materia o nombre geográfico como elemento de entrada |
Seres humanos en la literatura |
| 650 27 - PUNTO DE ACCESO ADICIONAL DE MATERIA--TÉRMINO DE MATERIA |
| Término de materia o nombre geográfico como elemento de entrada |
Animales en la literatura |
| 700 1# - PUNTO DE ACCESO ADICIONAL--NOMBRE DE PERSONA |
| Nombre de persona |
Morante, Sara |
| Término indicativo de función/relación |
ilustrador.. |
| 700 1# - PUNTO DE ACCESO ADICIONAL--NOMBRE DE PERSONA |
| Nombre de persona |
Bustelo, Gabriela |
| Término indicativo de función/relación |
traductor. |
| 700 1# - PUNTO DE ACCESO ADICIONAL--NOMBRE DE PERSONA |
| Nombre de persona |
Willson, Patricia, |
| Término indicativo de función/relación |
tr. |
| 700 1# - PUNTO DE ACCESO ADICIONAL--NOMBRE DE PERSONA |
| Nombre de persona |
García Schnetzer, Alejandra, |
| Término indicativo de función/relación |
ed. |
| 700 1# - PUNTO DE ACCESO ADICIONAL--NOMBRE DE PERSONA |
| Nombre de persona |
Ponzoda Álvarez, Marta, |
| Término indicativo de función/relación |
ed. |
| 700 1# - PUNTO DE ACCESO ADICIONAL--NOMBRE DE PERSONA |
| Nombre de persona |
García, Fernando Diego, |
| Término indicativo de función/relación |
dir. |